LIBRARY & INFORMATION CENTRE, KCAET, TAVANUR

ONLINE PUBLIC ACCESS CATALOGUE (OPAC)

Project Management | a systems approach to planning, scheduling, and controlling (Record no. 17705)

MARC details
000 -LEADER
fixed length control field 00391nam a22001577a 4500
003 - CONTROL NUMBER IDENTIFIER
control field OSt
008 - FIXED-LENGTH DATA ELEMENTS--GENERAL INFORMATION
fixed length control field 230522b |||||||| |||| 00| 0 eng d
041 ## - LANGUAGE CODE
Language code of text/sound track or separate title eng
082 ## - DEWEY DECIMAL CLASSIFICATION NUMBER
Classification number 658.404
Item number KER/PR
100 ## - MAIN ENTRY--AUTHOR NAME
Personal name Kerzner, Harold
245 ## - TITLE STATEMENT
Title Project Management
Remainder of title a systems approach to planning, scheduling, and controlling
250 ## - EDITION STATEMENT
Edition statement 13
260 ## - PUBLICATION, DISTRIBUTION, ETC. (IMPRINT)
Name of publisher wiley
300 ## - PHYSICAL DESCRIPTION
Number of Pages 854
942 ## - ADDED ENTRY ELEMENTS (KOHA)
Koha item type Books
Holdings
Withdrawn status Lost status Damaged status Collection code Home library Current library Shelving location Date acquired Source of acquisition Cost, normal purchase price Full call number Accession Number Koha item type
      General Books KAUAET KAUAET General Stacks 25/03/2023 eedeeyou,Manjeri 9015.00 658.404 KER/PR 26212 Books
free website counter